000 01224 a2200229 4500
001 55405
005 20260407155828.0
008 260407a1979 arg spa d
003 AR-UNSa-BCEJYS
040 _aAR-UNSa-BCEJYS
_bspa
_cAR-UNSa-BCEJYS
080 _a340.12
_xTendencias en la teoría del derecho. Escuelas, doctrinas jurídicas. Filosofía del derecho. Teorías sobre el Estado y el derecho
245 1 0 _aFilosofía del derecho
020 _a84-7162-485-0
250 _a5a. ed.
264 1 _aBarcelona :
_bBosch
_c1979
300 _a836 p.
_c22 cm.
505 _aPRIMERA PARTE: La ciencia jurídica: 1. Filosofía del derecho y teoría de la ciencia jurídica - 2. Tendencias de la filosofía y la ciencia jurídica y moderna - SEGUNDA PARTE: La estructura del derecho: 1. Concepto y fundamento del derecho - 2. La normatividad jurídica - 3. El derecho y los otros órdenes normativos de la conducta humana - 4. La estructura de la realidad social y las formas del derecho - 5. Fuentes del derecho - 6. El derecho como legalidad - 7. El hombre y su derecho - 8. Las comunidades jurídicas
041 _aspa
942 _cBK
590 _aniveau_biblio:m niveau_hierar:0
100 1 _aLegaz y Lacambra, Luis
999 _c5938
_d5938